|
|
|
|
| LEADER |
01053ncm a2200301 a 4500 |
| 001 |
000379086 |
| 003 |
CZ BrMZK |
| 005 |
20020626114911.0 |
| 008 |
010907s1998 xr f cze d |
| 015 |
|
|
|a cnb001026573
|
| 024 |
2 |
|
|a M260031282
|
| 028 |
0 |
3 |
|a H 7725
|b Editio Supraphon
|
| 040 |
|
|
|a BOA001
|b cze
|
| 080 |
|
|
|a 78"19"
|2 MRF
|
| 080 |
|
|
|a 787.3.087.2
|2 MRF
|
| 100 |
1 |
|
|a Kopelent, Marek,
|d 1932-2023
|7 jn19990010087
|4 cmp
|
| 245 |
1 |
0 |
|a Karrak
|h [hudebnina] :
|b violoncello e piano /
|c Marek Kopelent ; [revize violoncellového partu Jiří Bárta]
|
| 250 |
|
|
|a 2. vyd.
|
| 260 |
|
|
|a Praha :
|b Editio Supraphon,
|c c1994, 1998
|
| 300 |
|
|
|a 1 partitura (15 s.) ;
|c 34 cm +
|e 1 hlas.
|
| 500 |
|
|
|a Faksimile autorova rukopisu
|
| 653 |
0 |
|
|a violoncello
|
| 700 |
1 |
|
|a Bárta, Jiří,
|d 1935-2012
|7 jn19990201023
|
| 910 |
|
|
|a BOA001
|b Mus4-1053.201
|
| 964 |
|
|
|a Hudba
|z stol.20.,pol.2.
|x HUD
|
| 964 |
|
|
|a Violoncello a klavír
|x HUD
|
| 990 |
|
|
|a MU
|
| 996 |
6 |
|
|b 2610083172
|c Mus4-1053.201
|l MZK
|r Sklad / do 1 hodiny
|n 0
|p p.v.
|w 000379086
|u 000010
|a 1
|e BOA001
|j MZK50
|s P
|